[Event "Regionalliga NW 0607"]
[Site "Bayern"]
[Date "2007.02.04"]
[Round "5.5"]
[White "Gernert, Ingolf"]
[Black "Kraich, Klaus"]
[Result "0-1"]
[WhiteElo "2000"]
[BlackElo "2055"]
[PlyCount "88"]
[EventDate "2006.10.15"]
[EventType "team-tourn"]
[EventRounds "9"]
[EventCountry "GER"]
[SourceTitle "EXT 2008"]
[Source "ChessBase"]
[SourceDate "2007.11.25"]
[SourceVersion "1"]
[SourceVersionDate "2007.11.25"]
[SourceQuality "1"]
[WhiteTeam "Kitzingen"]
[BlackTeam "Klingenberg"]
[WhiteTeamCountry "GER"]
[BlackTeamCountry "GER"]

1. Nf3 c5 2. c4 Nc6 3. g3 g6 4. Bg2 Bg7 5. Nc3 d6 6. d3 e5 7. Nd2 Nge7 8. Ndb1 0-0 9. Bg5 h6 10. Bd2 Rb8 11. Qc1 Kh7 12. Na3 a6 13. Nc2 Be6 14. Ne3 b5 15. Ncd5 Nd4 16. Nxe7 Qxe7 17. Nd5 Qd8 18. e3 Nc6 19. 0-0 Ne7 20. Nxe7 Qxe7 21. Rb1 Rfc8 22. b3 Qd7 23. e4 f5 24. Qc2 Rf8 25. Rbd1 Rf7 26. f3 g5 27. Qc1 f4 28. g4 b4 29. a4 bxa3 30. Qxa3 Qb7 31. Rb1 Qc6 32. Ra1 Ra7 33. Ba5 Bf6 34. Rfb1 Bd7 35. Qc1 Rab7 36. Ra3 Bd8 37. Bc3 Kg6 38. Bf1 Bc8 39. Be2 Rh7 40. Kg2 h5 41. h3 hxg4 42. hxg4 Qe8 43. Bf1 Qh8 44. Kf2 Rh1 0-1

[Event "Regionalliga NW 0607"]
[Site "Bayern"]
[Date "2006.11.19"]
[Round "3.5"]
[White "Gernert, Ingolf"]
[Black "Burgemeister, Wolfgang"]
[Result "1-0"]
[WhiteElo "2000"]
[BlackElo "2035"]
[PlyCount "113"]
[EventDate "2006.10.15"]
[EventType "team-tourn"]
[EventRounds "9"]
[EventCountry "GER"]
[SourceTitle "EXT 2008"]
[Source "ChessBase"]
[SourceDate "2007.11.25"]
[SourceVersion "1"]
[SourceVersionDate "2007.11.25"]
[SourceQuality "1"]
[WhiteTeam "Kitzingen"]
[BlackTeam "Nordhalben"]
[WhiteTeamCountry "GER"]
[BlackTeamCountry "GER"]

1. e4 c5 2. Nc3 g6 3. g3 Bg7 4. Bg2 Nc6 5. d3 d6 6. Be3 e6 7. Qd2 Qd7 8. Nge2 Nd4 9. Nd1 Qa4 10. Bxd4 cxd4 11. f4 Bd7 12. 0-0 Ne7 13. h3 Rc8 14. c4 b5 15. b3 Qa3 16. Nf2 0-0 17. Rae1 e5 18. Nc1 a5 19. Nd1 Bh6 20. Nb2 Qb4 21. Qf2 a4 22. cxb5 axb3 23. axb3 Bxb5 24. Nc4 f6 25. Qf3 Bd7 26. Re2 Be6 27. Ra2 Bxc4 28. bxc4 Nc6 29. Qg4 Qb8 30. Qd7 Rf7 31. Qg4 Kg7 32. Rff2 Rcc7 33. Ra6 Qb1 34. Rf1 Qb7 35. Ra3 Qc8 36. Ne2 Qxg4 37. hxg4 Ra7 38. Rfa1 Rxa3 39. Rxa3 Ra7 40. Rb3 Kf7 41. Kf2 Ke8 42. Kf3 Kd8 43. Ng1 Kc7 44. Nh3 Ra2 45. Rb1 Na5 46. Nf2 Bf8 47. Rh1 h6 48. g5 fxg5 49. fxg5 h5 50. g4 hxg4+ 51. Nxg4 Nc6 52. Nf6 Nb4 53. Rh7+ Kc6 54. Bf1 Ra8 55. Rf7 Ra1 56. Be2 Ra3 57. Nd5 1-0

[Event "Regionalliga NW 0607"]
[Site "Bayern"]
[Date "2006.10.29"]
[Round "2.4"]
[White "Gernert, Ingolf"]
[Black "Frey, Michael"]
[Result "0-1"]
[WhiteElo "2000"]
[BlackElo "1940"]
[PlyCount "50"]
[EventDate "2006.10.15"]
[EventType "team-tourn"]
[EventRounds "9"]
[EventCountry "GER"]
[SourceTitle "EXT 2008"]
[Source "ChessBase"]
[SourceDate "2007.11.25"]
[SourceVersion "1"]
[SourceVersionDate "2007.11.25"]
[SourceQuality "1"]
[WhiteTeam "Kitzingen"]
[BlackTeam "Schweinheim"]
[WhiteTeamCountry "GER"]
[BlackTeamCountry "GER"]

1. Nf3 f5 2. c4 Nf6 3. Nc3 g6 4. d3 Bg7 5. Qc2 d6 6. Bd2 c6 7. g3 a5 8. Nh4 0-0 9. Qc1 e5 10. Ng2 d5 11. Bg5 d4 12. Nd1 Na6 13. h4 h5 14. b3 Nc5 15. Nb2 Ne6 16. Bd2 Bd7 17. Qc2 c5 18. Qc1 Bc6 19. f3 Qe7 20. Kd1 e4 21. f4 Ng4 22. Kc2 exd3+ 23. exd3 Ne3+ 24. Nxe3 dxe3 25. Bxe3 Bxh1 0-1

[Event "Regionalliga NW 0607"]
[Site "Bayern"]
[Date "2006.10.15"]
[Round "1.5"]
[White "Gernert, Ingolf"]
[Black "Mittag, Ralf"]
[Result "0-1"]
[WhiteElo "2000"]
[BlackElo "2057"]
[PlyCount "85"]
[EventDate "2006.10.15"]
[EventType "team-tourn"]
[EventRounds "9"]
[EventCountry "GER"]
[SourceTitle "EXT 2008"]
[Source "ChessBase"]
[SourceDate "2007.11.25"]
[SourceVersion "1"]
[SourceVersionDate "2007.11.25"]
[SourceQuality "1"]
[WhiteTeam "Kitzingen"]
[BlackTeam "Bamberg II"]
[WhiteTeamCountry "GER"]
[BlackTeamCountry "GER"]

1. Nf3 g6 2. e4 Bg7 3. d4 d6 4. Bc4 Nf6 5. Qe2 0-0 6. Nc3 c6 7. Bb3 b5 8. e5 Ne8 9. Bg5 d5 10. Qe3 a5 11. a3 Nc7 12. h4 h5 13. Bh6 Bf5 14. Ne2 Nd7 15. Ng3 Bg4 16. Nh2 Be6 17. Nxh5 gxh5 18. Bxg7 Kxg7 19. Qg5+ Kh7 20. Qxh5+ Kg7 21. Qg5+ Kh7 22. c3 f5 23. g4 Qe8 24. Bc2 Qf7 25. Nf3 Kh8 26. Qh6+ Qh7 27. Qd2 Qg7 28. gxf5 Bxf5 29. Rg1 Qh7 30. Bd1 Ne6 31. Be2 Rg8 32. Ng5 Nxg5 33. hxg5 Kg7 34. Bf3 Rh8 35. 0-0-0 Qg6 36. Rde1 Nb6 37. Qd1 b4 38. Qb3 Nc4 39. Be2 bxa3 40. Bxc4 axb2+ 41. Qxb2 Rhb8 42. Qa3 dxc4 43. Qxe7+ 0-1

[Event "Regionalliga NW 0304"]
[Site "Bayern"]
[Date "2004.02.15"]
[Round "6.2"]
[White "Stauch, Edgar"]
[Black "Gernert, Ingolf"]
[Result "1-0"]
[WhiteElo "2077"]
[BlackElo "2063"]
[PlyCount "43"]
[EventDate "2003.10.12"]
[EventType "team-tourn"]
[EventRounds "9"]
[EventCountry "GER"]
[SourceTitle "EXT 2006"]
[Source "ChessBase"]
[SourceDate "2005.11.24"]
[SourceVersion "1"]
[SourceVersionDate "2005.11.24"]
[SourceQuality "1"]
[WhiteTeam "Kronach"]
[BlackTeam "Kitzingen"]
[WhiteTeamCountry "GER"]
[BlackTeamCountry "GER"]

1. c4 b6 2. d4 Bb7 3. d5 g6 4. e4 Bg7 5. Bd3 a5 6. Ne2 Na6 7. Nbc3 e6 8. 0-0 Qe7 9. Be3 0-0-0 10. Qd2 Rf8 11. a3 h6 12. Rab1 f5 13. b4 axb4 14. axb4 Nxb4 15. d6 Qxd6 16. Nb5 Qxd3 17. Qxb4 Qxe4 18. Nf4 g5 19. Bxb6 Qxf4 20. Bxc7 e5 21. Ba5 Bxg2 22. Na7# 1-0

[Event "Regionalliga NW 0304"]
[Site "Bayern"]
[Date "2003.11.23"]
[Round "3.2"]
[White "Poppe, Heiko"]
[Black "Gernert, Ingolf"]
[Result "1-0"]
[WhiteElo "2104"]
[BlackElo "2063"]
[PlyCount "79"]
[EventDate "2003.10.12"]
[EventType "team-tourn"]
[EventRounds "9"]
[EventCountry "GER"]
[SourceTitle "EXT 2006"]
[Source "ChessBase"]
[SourceDate "2005.11.24"]
[SourceVersion "1"]
[SourceVersionDate "2005.11.24"]
[SourceQuality "1"]
[WhiteTeam "Wuerzburg II"]
[BlackTeam "Kitzingen"]
[WhiteTeamCountry "GER"]
[BlackTeamCountry "GER"]

1. e4 c5 2. Nc3 Nc6 3. g3 g6 4. Bg2 Bg7 5. d3 d6 6. Be3 Qa5 7. Qd2 Nd4 8. f4 e6 9. Nf3 Ne7 10. 0-0 Nec6 11. Kh1 Nxf3 12. Rxf3 Bd7 13. Rf2 0-0-0 14. Nd1 Qxd2 15. Rxd2 h5 16. c3 f5 17. d4 h4 18. Kg1 hxg3 19. hxg3 fxe4 20. Bxe4 cxd4 21. cxd4 Ne7 22. Kg2 Bc6 23. Rc1 Kd7 24. Bxc6+ bxc6 25. Nf2 Nd5 26. Kf3 Rdf8 27. Ke4 g5 28. fxg5 Nb4 29. Bf4 c5 30. dxc5 d5+ 31. Kf3 e5 32. a3 exf4 33. axb4 fxg3+ 34. Kxg3 Be5+ 35. Kg2 Kc6 36. Rh1 Rhg8 37. Rh6+ Kb5 38. Nh3 d4 39. Re6 Bf4 40. Rxd4 1-0

[Event "Regionalliga NW 0304"]
[Site "Bayern"]
[Date "2003.11.02"]
[Round "2.1"]
[White "Schindler, Viktor"]
[Black "Gernert, Ingolf"]
[Result "1-0"]
[WhiteElo "2086"]
[BlackElo "2063"]
[PlyCount "91"]
[EventDate "2003.10.12"]
[EventType "team-tourn"]
[EventRounds "9"]
[EventCountry "GER"]
[SourceTitle "EXT 2006"]
[Source "ChessBase"]
[SourceDate "2005.11.24"]
[SourceVersion "1"]
[SourceVersionDate "2005.11.24"]
[SourceQuality "1"]
[WhiteTeam "Hof"]
[BlackTeam "Kitzingen"]
[WhiteTeamCountry "GER"]
[BlackTeamCountry "GER"]

1. e4 e6 2. d4 d5 3. e5 c5 4. c3 Bd7 5. Nf3 Bc6 6. Be2 Nd7 7. 0-0 Ne7 8. Na3 a6 9. Nc2 Ng6 10. g3 Be7 11. h4 h6 12. Ne3 Qb6 13. a4 cxd4 14. cxd4 Rc8 15. Bd3 Ngf8 16. Re1 Nb8 17. Ng2 Bd7 18. Nf4 Nc6 19. Bb1 g5 20. Nh5 g4 21. Nh2 Qxd4 22. Qxg4 Qxg4 23. Nxg4 Nd4 24. Nhf6+ Bxf6 25. Nxf6+ Kd8 26. Be3 Nf3+ 27. Kf1 d4 28. Bf4 Nxe1 29. Kxe1 Ng6 30. Bxg6 fxg6 31. Rd1 Bc6 32. Rxd4+ Ke7 33. Bd2 Rcd8 34. Rf4 Rd3 35. Bb4+ Kd8 36. Ke2 Rb3 37. Bc3 b5 38. axb5 Rxb5 39. Rg4 a5 40. Rxg6 a4 41. Rg7 Rb7 42. Rg6 Kc8 43. f4 Bb5+ 44. Ke3 Rc7 45. Ne4 Rd8 46. Bd4 1-0

[Event "Regionalliga NW 0001"]
[Site "Bayern"]
[Date "2001.01.28"]
[Round "5.6"]
[White "Wilfert, Andre"]
[Black "Gernert, Ingolf"]
[Result "1-0"]
[WhiteElo "1945"]
[BlackElo "1975"]
[PlyCount "85"]
[EventDate "2000.10.15"]
[EventType "team-tourn"]
[EventRounds "9"]
[EventCountry "GER"]
[SourceTitle "EXT 2020"]
[Source "ChessBase"]
[SourceDate "2019.10.17"]
[SourceVersion "1"]
[SourceVersionDate "2019.10.17"]
[SourceQuality "1"]
[WhiteTeam "Hof SK"]
[BlackTeam "Kitzingen SC"]
[WhiteTeamCountry "GER"]
[BlackTeamCountry "GER"]

1. e4 e6 2. d4 d5 3. exd5 exd5 4. Nf3 Bd6 5. Bd3 Nc6 6. c3 Bg4 7. 0-0 Nce7 8. Nbd2 c6 9. Qc2 Qc7 10. Re1 0-0-0 11. Ne5 Bh5 12. c4 f6 13. Nef3 dxc4 14. Bxc4 g5 15. g3 Bb4 16. Re3 Bg6 17. Qb3 Bxd2 18. Bxd2 Nd5 19. Bxd5 Rxd5 20. Rae1 Qd7 21. Qa3 b6 22. Qf8+ Kb7 23. Bb4 h5 24. Be7 Nxe7 25. Qxh8 Nf5 26. Re6 Bf7 27. Rxf6 g4 28. Ne5 Rxe5 29. dxe5 Nd4 30. e6 Bxe6 31. Qf8 Ne2+ 32. Kg2 Bd5+ 33. f3 gxf3+ 34. Rxf3 Bxf3+ 35. Qxf3 Nd4 36. Qe4 Nf5 37. Rf1 Qd5 38. Qxd5 Ne3+ 39. Kf3 Nxd5 40. Ke4 a5 41. Rf5 b5 42. Rxd5 cxd5+ 43. Kxd5 1-0

[Event "Regionalliga NW 0001"]
[Site "Bayern"]
[Date "2000.11.12"]
[Round "2.7"]
[White "Mueller, Christian3"]
[Black "Gernert, Ingolf"]
[Result "1/2-1/2"]
[WhiteElo "1671"]
[BlackElo "1975"]
[PlyCount "145"]
[EventDate "2000.10.15"]
[EventType "team-tourn"]
[EventRounds "9"]
[EventCountry "GER"]
[SourceTitle "EXT 2020"]
[Source "ChessBase"]
[SourceDate "2019.10.17"]
[SourceVersion "1"]
[SourceVersionDate "2019.10.17"]
[SourceQuality "1"]
[WhiteTeam "Coburg"]
[BlackTeam "Kitzingen SC"]
[WhiteTeamCountry "GER"]
[BlackTeamCountry "GER"]

1. e4 e6 2. d4 d5 3. Nd2 Nf6 4. e5 Nfd7 5. f4 c5 6. c3 Nc6 7. Ne2 Qb6 8. Nf3 Be7 9. Qc2 cxd4 10. Nexd4 a6 11. Be3 Qc7 12. Bd3 g6 13. g4 Nc5 14. g5 Nxd3+ 15. Qxd3 Bd7 16. h4 Na5 17. h5 Rf8 18. hxg6 hxg6 19. b3 Ba3 20. Bc1 Bxc1 21. Rxc1 Ke7 22. Rh7 Rg8 23. Nh2 Nc6 24. Nxc6+ Qxc6 25. Ng4 Qc5 26. Qd4 Rac8 27. Qxc5+ Rxc5 28. Nh6 Rf8 29. Kd2 a5 30. Kd3 b6 31. Kd4 Bb5 32. Rh1 a4 33. Rg7 Rcc8 34. Ng4 Rh8 35. Rxh8 Rxh8 36. Nh6 Rf8 37. c4 axb3 38. axb3 dxc4 39. bxc4 Rd8+ 40. Kc3 Be8 41. Rg8 Rd1 42. Ng4 Rc1+ 43. Kd4 Rd1+ 44. Ke3 Bc6 45. Rb8 Rb1 46. Nf2 Rb4 47. Nd3 Rxc4 48. Rxb6 Bd5 49. Rb4 Rc7 50. Kd4 Rc2 51. Ra4 Ke8 52. Rb4 Re2 53. Kc5 Rc2+ 54. Kb6 Rc6+ 55. Kb5 Rc8 56. Kb6 Kd8 57. Rd4 Rc6+ 58. Kb5 Kc7 59. Nb4 Rb6+ 60. Kc5 Bf3 61. Rd6 Rb7 62. Na6+ Kc8 63. Rb6 Ra7 64. Rb8+ Kd7 65. Kb6 Ra8 66. Nc5+ Ke7 67. Rxa8 Bxa8 68. Nb7 Bxb7 69. Kxb7 Kf8 70. Kc8 Kg8 71. Kd7 Kg7 72. Ke7 Kg8 73. Ke8 1/2-1/2

[Event "Regionalliga NW 0001"]
[Site "Bayern"]
[Date "2000.10.15"]
[Round "1.7"]
[White "Gernert, Ingolf"]
[Black "Zimlich, Juergen"]
[Result "1/2-1/2"]
[WhiteElo "1975"]
[BlackElo "1915"]
[PlyCount "106"]
[EventDate "2000.10.15"]
[EventType "team-tourn"]
[EventRounds "9"]
[EventCountry "GER"]
[SourceTitle "EXT 2020"]
[Source "ChessBase"]
[SourceDate "2019.10.17"]
[SourceVersion "1"]
[SourceVersionDate "2019.10.17"]
[SourceQuality "1"]
[WhiteTeam "Kitzingen SC"]
[BlackTeam "Sailauf"]
[WhiteTeamCountry "GER"]
[BlackTeamCountry "GER"]

1. e4 d5 2. exd5 Qxd5 3. Nc3 Qa5 4. d4 c6 5. Nf3 Nf6 6. Be2 Bf5 7. 0-0 e6 8. Ne5 Bd6 9. Nc4 Qc7 10. Nxd6+ Qxd6 11. Bf3 0-0 12. Be3 Nbd7 13. Re1 Nb6 14. Bg5 Nbd5 15. Qd2 h6 16. Bh4 Qf4 17. Qxf4 Nxf4 18. Bxf6 gxf6 19. Be4 Bxe4 20. Rxe4 Ng6 21. Ne2 Rad8 22. c3 Rd5 23. f4 Rfd8 24. Kf2 b5 25. a3 a5 26. g3 Kg7 27. Ng1 h5 28. Nf3 Rh8 29. h4 a4 30. Re2 Ne7 31. Nd2 Nf5 32. Nf1 Rd7 33. Ne3 Nxe3 34. Rxe3 Rd5 35. Rc1 Rhd8 36. Rc2 Kg6 37. Kf3 Kf5 38. Rf2 Rg8 39. Rfe2 Rgd8 40. Rh2 Rg8 41. Rhe2 Rgd8 42. Re1 Rg8 43. R3e2 Rgd8 44. Rg1 Rg8 45. Re3 Rd7 46. Kf2 Rg4 47. Ke2 Rd5 48. Rb1 Rg8 49. Kf3 Rd7 50. Rg1 Rd5 51. Rge1 Rgd8 52. Rg1 Rg8 53. Rge1 Rgd8 1/2-1/2

[Event "Regionalliga NW 9900"]
[Site "Bayern"]
[Date "2000.??.??"]
[Round "6.3"]
[White "Gernert, Ingolf"]
[Black "Deml, Tilo"]
[Result "1-0"]
[WhiteElo "2000"]
[BlackElo "1980"]
[PlyCount "75"]
[EventDate "1999.??.??"]
[EventType "team-tourn"]
[EventRounds "9"]
[EventCountry "GER"]
[SourceTitle "EXT 2020"]
[Source "ChessBase"]
[SourceDate "2019.10.17"]
[SourceVersion "1"]
[SourceVersionDate "2019.10.17"]
[SourceQuality "1"]
[WhiteTeam "Kitzingen SC"]
[BlackTeam "Marktleuthen"]
[WhiteTeamCountry "GER"]
[BlackTeamCountry "GER"]

1. e4 e5 2. Nf3 d6 3. d4 Bg4 4. dxe5 Nd7 5. exd6 Bxd6 6. Bb5 Qe7 7. Qd4 Ngf6 8. Bxd7+ Nxd7 9. Be3 Bxf3 10. gxf3 Be5 11. Qd1 Qb4+ 12. Nd2 Qxb2 13. Rb1 Qxa2 14. f4 Bc3 15. 0-0 Qa6 16. f3 Qc6 17. Nb3 b6 18. Nd4 Bxd4 19. Qxd4 Qc5 20. Qd3 Qd6 21. Qc3 c5 22. Rbd1 Qc6 23. Rd2 0-0-0 24. Ra1 Kb8 25. Rad1 Qc7 26. Qc4 Nf6 27. e5 Rxd2 28. Rxd2 Nh5 29. Rd6 Rd8 30. Qd5 Rc8 31. Kf2 Qb7 32. Qd3 g6 33. Rd7 Rc7 34. Qd6 Qc6 35. Qf8+ Kb7 36. Rxf7 Rxf7 37. Qxf7+ Qc7 38. e6 1-0

[Event "Regionalliga NW 9900"]
[Site "Bayern"]
[Date "2000.??.??"]
[Round "9.4"]
[White "Zschunke, Werner"]
[Black "Gernert, Ingolf"]
[Result "1-0"]
[WhiteElo "2030"]
[BlackElo "2000"]
[PlyCount "93"]
[EventDate "1999.??.??"]
[EventType "team-tourn"]
[EventRounds "9"]
[EventCountry "GER"]
[SourceTitle "EXT 2020"]
[Source "ChessBase"]
[SourceDate "2019.10.17"]
[SourceVersion "1"]
[SourceVersionDate "2019.10.17"]
[SourceQuality "1"]
[WhiteTeam "Schweinfurt Fr"]
[BlackTeam "Kitzingen SC"]
[WhiteTeamCountry "GER"]
[BlackTeamCountry "GER"]

1. c4 b6 2. Nc3 Bb7 3. e4 d6 4. d4 e6 5. Nf3 Nf6 6. Bd3 Be7 7. 0-0 a6 8. Qe2 0-0 9. e5 Nfd7 10. Ne4 h6 11. Bf4 d5 12. cxd5 Bxd5 13. Nfd2 Nc6 14. Be3 Nb4 15. Bb1 f5 16. exf6 Nxf6 17. Nxf6+ Rxf6 18. a3 Nc6 19. Ne4 Na5 20. Nxf6+ Bxf6 21. Bd3 Nb3 22. Rad1 b5 23. Qg4 Kf8 24. Be4 Rb8 25. Bxd5 Qxd5 26. Rfe1 Re8 27. h3 c6 28. f3 a5 29. Qe4 a4 30. Qxd5 exd5 31. Kf1 Kf7 32. Bf2 Na5 33. Rxe8 Kxe8 34. f4 Kd7 35. Rd2 Nc4 36. Re2 c5 37. dxc5 Nxb2 38. Rd2 Kc6 39. Re2 Nc4 40. Re6+ Kb7 41. f5 Be5 42. Be1 Bd4 43. c6+ Kb6 44. Bg3 Ne3+ 45. Ke1 Nxf5 46. c7+ Kb7 47. Re8 1-0

[Event "Landesliga Nord 9899"]
[Site "Bayern"]
[Date "1999.05.09"]
[Round "8.6"]
[White "Murmann, Andreas"]
[Black "Gernert, Ingolf"]
[Result "1/2-1/2"]
[WhiteElo "1980"]
[BlackElo "1990"]
[PlyCount "29"]
[EventDate "1998.10.11"]
[EventType "team-tourn"]
[EventRounds "9"]
[EventCountry "GER"]
[SourceTitle "EXT 2020"]
[Source "ChessBase"]
[SourceDate "2019.10.17"]
[SourceVersion "1"]
[SourceVersionDate "2019.10.17"]
[SourceQuality "1"]
[WhiteTeam "Kronach"]
[BlackTeam "Kitzingen SC"]
[WhiteTeamCountry "GER"]
[BlackTeamCountry "GER"]

1. d4 Nf6 2. c4 g6 3. Nc3 Bg7 4. e4 0-0 5. f3 d6 6. Be3 Nc6 7. Nge2 a6 8. Qd2 Rb8 9. h4 h5 10. Nc1 Re8 11. Nb3 Kh7 12. Be2 e5 13. d5 Ne7 14. 0-0-0 Bd7 15. c5 1/2-1/2